Statistics for Biggest enemy of

Click here to take the quiz!

General Stats

  • This quiz has been taken 47 times
  • The average score is 39 of 48

Answer Stats

Country Enemy % Correct
CubaUnited States of America
89%
PakistanIndia
87%
AlgeriaMorocco
87%
IndiaPakistan
87%
ChinaUnited States of America
87%
AlbaniaSerbia
85%
South SudanSudan
85%
GreeceTurkey
85%
ColombiaVenezuela
85%
GeorgiaRussia
85%
PalestineIsrael
85%
VenezuelaColombia
85%
CyprusTurkey
83%
ArmeniaTurkey
83%
North KoreaUnited States of America
83%
South KoreaNorth Korea
83%
LithuaniaRussia
83%
LatviaRussia
83%
KosovoSerbia
83%
JapanChina
83%
UkraineRussia
83%
IraqUnited States of America
83%
BhutanChina
83%
BoliviaChile
83%
FinlandRussia
83%
EstoniaRussia
83%
TaiwanChina
83%
IsraelIran
83%
United States of AmericaChina
81%
PolandRussia
81%
Saudi ArabiaIran
81%
TurkeyGreece
81%
YemenSaudi Arabia
81%
EritreaEthiopia
81%
NepalChina
81%
EgyptIsrael
81%
ChileBolivia
81%
the PhilippinesChina
79%
MoroccoAlgeria
79%
SyriaUnited States of America
79%
IranSaudi Arabia
77%
SwedenRussia
77%
AzerbaijanArmenia
77%
Western SaharaMorocco
77%
KuwaitIraq
77%
AustraliaChina
74%
PeruChile
72%
SerbiaCroatia
64%

Score Distribution

Percentile by Number Answered

Percent of People with Each Score

Your Score History

You have not taken this quiz